The biometry of plant growth / (Record no. 14784)
[ view plain ]
| 000 -LEADER | |
|---|---|
| fixed length control field | 00451cam a2200181 a 4500 |
| 020 ## - INTERNATIONAL STANDARD BOOK NUMBER | |
| ISBN | 0713128127 |
| 040 ## - CATALOGING SOURCE | |
| Transcribing agency | DDC |
| 082 ## - DEWEY DECIMAL CLASSIFICATION NUMBER | |
| Classification number | 581 ARN 1981 A061 Or. |
| 100 1# - MAIN ENTRY--AUTHOR NAME | |
| Personal name | Causton, David R. |
| 245 14 - TITLE STATEMENT | |
| Title | The biometry of plant growth / |
| 260 0# - PUBLICATION, DISTRIBUTION, ETC. (IMPRINT) | |
| Place of publication | London : |
| Name of publisher | E. Arnold, |
| Year of publication | 1981. |
| 300 ## - PHYSICAL DESCRIPTION | |
| Number of Pages | xii, 307 p. : |
| Other physical details | ill. ; |
| Dimensions | 24 cm. |
| 500 ## - GENERAL NOTE | |
| General note | Includes index. |
| 650 #0 - SUBJECT ADDED ENTRY--TOPICAL TERM | |
| Topical Term | Growth (Plants) |
| 650 #0 - SUBJECT ADDED ENTRY--TOPICAL TERM | |
| Topical Term | Biometry. |
| 700 1# - ADDED ENTRY--PERSONAL NAME | |
| Personal name | Venus, Jill C. |
| 942 ## - ADDED ENTRY ELEMENTS (KOHA) | |
| Koha item type | សៀវភៅភាសាអង់គ្លេស |
| 952 ## - LOCATION AND ITEM INFORMATION (KOHA) | |
| Withdrawn status [LOCAL, KOHA] | 0 |
| Permanent Location | Date acquired | Koha item type | Lost status | Shelving location | Barcode | Current Location | Full call number |
|---|---|---|---|---|---|---|---|
| Library Block A | 2017-10-25 | សៀវភៅភាសាអង់គ្លេស | A061 | A20881 | Library Block A | 581 ARN 1981 A061 Or. |